Horrible Harry and the dungeon / (Record no. 3241)

MARC details
000 -LEADER
fixed length control field 01235pam a2200337 a 4500
001 - CONTROL NUMBER
control field 3241
003 - CONTROL NUMBER IDENTIFIER
control field FISKH
005 - DATE AND TIME OF LATEST TRANSACTION
control field 20250409111333.0
008 - FIXED-LENGTH DATA ELEMENTS--GENERAL INFORMATION
fixed length control field 951023s1996 nyua j 000 1 eng
010 ## - LIBRARY OF CONGRESS CONTROL NUMBER
LC control number 95042525
020 ## - INTERNATIONAL STANDARD BOOK NUMBER
International Standard Book Number 0670868620 (hardcover)
040 ## - CATALOGING SOURCE
Original cataloging agency DLC
Transcribing agency DLC
Modifying agency DLC
Language of cataloging eng
042 ## - AUTHENTICATION CODE
Authentication code lcac
050 00 - LIBRARY OF CONGRESS CALL NUMBER
Classification number PZ7.K6797
Item number Hnn 1996
082 00 - DEWEY DECIMAL CLASSIFICATION NUMBER
Classification number [Fic]
Edition number 20
100 1# - MAIN ENTRY--PERSONAL NAME
Personal name Kline, Suzy.
245 10 - TITLE STATEMENT
Title Horrible Harry and the dungeon /
Statement of responsibility, etc. by Suzy Kline ; pictures by Frank Remkiewicz.
250 ## - EDITION STATEMENT
Edition statement First Scholastic printing, September 1998
260 ## - PUBLICATION, DISTRIBUTION, ETC.
Place of publication, distribution, etc. New York :
Name of publisher, distributor, etc. Scholastic,
Date of publication, distribution, etc. 1996
300 ## - PHYSICAL DESCRIPTION
Extent 58 pages :
Other physical details illustrations ;
Dimensions 20 cm
505 ## - FORMATTED CONTENTS NOTE
Formatted contents note O<br/>
520 ## - SUMMARY, ETC.
Summary, etc. It's almost summer vacation and the students in room 2B are having trouble concentrating on their butterfly project, until a frightening-looking new teacher comes to supervise the Suspension Room and Harry is sent there as punishment for unruly behavior.
521 ## - TARGET AUDIENCE NOTE
Target audience note 600<br/>
Source Lexile<br/>
521 ## - TARGET AUDIENCE NOTE
Target audience note O<br/>
Source Raz-Plus<br/>
650 #1 - SUBJECT ADDED ENTRY--TOPICAL TERM
Topical term or geographic name entry element Schools
General subdivision Fiction.
650 #1 - SUBJECT ADDED ENTRY--TOPICAL TERM
Topical term or geographic name entry element Teachers
General subdivision Fiction.
650 #1 - SUBJECT ADDED ENTRY--TOPICAL TERM
Topical term or geographic name entry element Butterflies
General subdivision Fiction.
700 1# - ADDED ENTRY--PERSONAL NAME
Personal name Remkiewicz, Frank,
Relator term illustrator
906 ## - LOCAL DATA ELEMENT F, LDF (RLIN)
a 7
b cbc
c orignew
d 1
e ocip
f 19
g y-gencatlg
942 ## - ADDED ENTRY ELEMENTS (KOHA)
Source of classification or shelving scheme Dewey Decimal Classification
Koha item type Books
Suppress in OPAC No
Holdings
Withdrawn status Lost status Source of classification or shelving scheme Damaged status Not for loan Collection Home library Current library Shelving location Date acquired Total Checkouts Full call number Barcode Date last seen Price effective from Koha item type Copy number
    Dewey Decimal Classification     Juvenile Fiction Footprints International School Library Network Toul Kork Campus Footprints International School Library Network Toul Kork Campus TK Primary Library Room(4th Floor), Bookcase 3&4, Shelves 17-32, Yellow Books 02/21/2024   KLI 808.899 PZ7.K6797 FISTK00266 02/21/2024 02/21/2024 Books  
    Dewey Decimal Classification     Juvenile Fiction Footprints International School Library Network Toul Tom Poung Campus Footprints International School Library Network Toul Tom Poung Campus TTP Primary Yellow Bookshelves 04/09/2025   KLI 808.899 PZ7.K6797 2025-1014 04/09/2025 04/09/2025 Books 2